000 00385nam a2200157Ia 4500
008 221030s9999 xx 000 0 und d
020 _a0198085427
041 _aEnglish
100 _aR. Subramanian
245 0 _aSurveying & Levelling
_cby R. Subramanian
250 _a2nd
260 _bOxford University Press
_aNew Delhi
_c2013
300 _a957
650 _aCivil
942 _cBK
999 _c14953
_d14953